Širšie súvislosti zavedenia jednotnej európskej meny
Snahy o členstvo v EÚ a príprava naň sú nevyhnutne spojené i s EMÚ. Euro - vizitka jednotného európskeho trhu..Stabilita novovznikajúcej meny. Finančné a fiškálne kritéria pre vstup do spoločného priestoru a ich plnenie. Účinky jednotného európskeho trhu.
Gespeichert in:
| 1. Verfasser: | |
|---|---|
| Format: | Buchkapitel |
| Sprache: | Slowakisch |
| Schlagworte: | |
| Tags: |
Keine Tags, Fügen Sie das erste Tag hinzu!
|
MARC
| LEADER | 00000naa$a2200000$$$4500 | ||
|---|---|---|---|
| 001 | 0022185 | ||
| 005 | 20221017104150.6 | ||
| 041 | 0 | |a slo | |
| 044 | |a SK | ||
| 245 | 1 | 0 | |a Širšie súvislosti zavedenia jednotnej európskej meny |c Michal Macúch |
| 520 | |a Snahy o členstvo v EÚ a príprava naň sú nevyhnutne spojené i s EMÚ. Euro - vizitka jednotného európskeho trhu..Stabilita novovznikajúcej meny. Finančné a fiškálne kritéria pre vstup do spoločného priestoru a ich plnenie. Účinky jednotného európskeho trhu. | ||
| 610 | 2 | 0 | |a euro |
| 610 | 2 | 0 | |a euromena |
| 610 | 2 | 0 | |a Európsky ekonomický priestor |
| 610 | 2 | 0 | |a únie menové |
| 610 | 2 | 0 | |a Európska únia |
| 100 | 1 | |a Macúch, Michal | |